| 000 | 00663nam a22002177a 4500 | ||
|---|---|---|---|
| 003 | KOHA_MİRAKIL | ||
| 005 | 20260330104805.0 | ||
| 008 | 260330b tu ||||| |||| 00| 0 tur d | ||
| 020 | _a97862598117439 | ||
| 040 |
_aTR-AnABB _btur _cTR-AnABB |
||
| 041 | _atur | ||
| 082 |
_a818.4209 _bOZA 2024 |
||
| 245 | 0 | 0 |
_aOzan'a güz çelengi / _cyayına hazırlayan: Attila Aşut |
| 260 |
_aAnkara : _bPayda Yayıncılık, _c2024 |
||
| 300 |
_a208 sayfa ; _c21 cm |
||
| 500 | _aYayına hazırlayan imzalı | ||
| 650 | 0 | 4 | _aTürk edebiyatı, anı |
| 700 | 1 |
_aAşut, Attilla, _eyayına hazırlayan _93187 |
|
| 900 | _bCan ÇELIK | ||
| 942 |
_2ddc _cBK |
||
| 999 |
_c10075 _d10075 |
||